Xã hội học nông thôn : Tài liệu lưu hành nội bộ
Giáo trình giới thiệu về xã hội học nông thôn; phương pháp nghiên cứu xã hội học; ruộng đất và sở hữu ruộng đất ở Việt Nam; tổ chức xã hội truyền thống ở nông thôn...
Guardat en:
| Autor principal: | |
|---|---|
| Format: | Llibre |
| Idioma: | Undetermined |
| Publicat: |
Thành phố Hồ Chí Minh
Trường Đại học Thành phố Hồ Chí Minh
2017
|
| Matèries: | |
| Etiquetes: |
Afegir etiqueta
Sense etiquetes, Sigues el primer a etiquetar aquest registre!
|
| Thư viện lưu trữ: | Trung tâm Học liệu Trường Đại học Cần Thơ |
|---|
| LEADER | 01155nam a2200253Ia 4500 | ||
|---|---|---|---|
| 001 | CTU_237446 | ||
| 008 | 210402s9999 xx 000 0 und d | ||
| 082 | |a 307.72 | ||
| 082 | |b Ph431 | ||
| 100 | |a Bùi, Nhựt Phong | ||
| 245 | 0 | |a Xã hội học nông thôn : | |
| 245 | 0 | |b Tài liệu lưu hành nội bộ | |
| 245 | 0 | |c Bùi Nhựt Phong | |
| 260 | |a Thành phố Hồ Chí Minh | ||
| 260 | |b Trường Đại học Thành phố Hồ Chí Minh | ||
| 260 | |c 2017 | ||
| 520 | |a Giáo trình giới thiệu về xã hội học nông thôn; phương pháp nghiên cứu xã hội học; ruộng đất và sở hữu ruộng đất ở Việt Nam; tổ chức xã hội truyền thống ở nông thôn... | ||
| 526 | |a Sinh kế, đánh giá nông thôn có sự tham gia (PRA) | ||
| 526 | |b XN119 | ||
| 650 | |a Rural development,Phát triển nông thôn | ||
| 650 | |x Socioecological aspects,Những khía cạnh xã hội | ||
| 904 | |i Năm | ||
| 910 | |a Tuyến | ||
| 980 | |a Trung tâm Học liệu Trường Đại học Cần Thơ | ||